000
00252nmm a2200085Ia 4500
008
220120s9999||||xx |||||||||||||||||und||
100
_a
PCQ-MARCH-2009 (DVD)
_9
11107
245
0
_a
PCQ linux 2009, web 2.0, media center, multimedia and publis
260
_c
2009
999
_c
139298
_d
139298